000 00993nam a2200253 i 4500
001 182997
003 ES-MaACL
005 20260105063013.0
008 140110s2012 sp a | |||||||| | spa d
020 _a978-84-695-1413-9
080 _a821.134.2-14"18"
100 1 _aPortillo y Portillo, Bruno,
_d1855-1935
_993273
245 1 0 _aAntología de un poeta olvidado :
_bBruno Portillo y Portillo (1855-1935) /
_c[selección], Jesús Daniel Laguna Reche.
260 _aHuéscar [Granada] :
_bAsociación Cultural Raigadas,
_c2012.
300 _a332 p. :
_bil. ;
_c21 cm.
490 1 _aColección Barbata ;
_v2
504 _aBibliografía: p. [327]-328.
700 1 _aLaguna Reche, Jesús Daniel.
_9154115
830 0 _aColección Barbata ;
_v2
_9224914
852 _aES-MaACL
_jA-12952
_9189930
_bR.148821
_cDEPO1
_dOlim: N-5952
_xDonación: Jesús Daniel Laguna Reche
903 _9154115
_aLaguna Reche, Jesús Daniel
_ednr
942 _2udc
_cMONOGRAFIA
999 _c182997
_d182997